00402nam a2200133Ia 4500008004100000041000800041080001900049100002000068245008400088260003700172300001700209003000900226040003300235180921t1965 xxu||||| |||| 00| 0 eng d aeng a597(417) b'RE aO'Riordan, C.E. aA catalogue of the collection of Irish fishes in the national museum of Ireland bStationery office aDubeinc1965 a96p., 23 cmLK-CoDNM aLK-CoDNMdLK-CoDNMeLK-CoDNM